000 00367nam a2200157Ia 4500
001 23900
003 IN-NITTTR
005 20251114233307.0
008 251113s9999||||xx |||||||||||||| ||eng||
040 _beng
040 _cIN-NITTTR
041 _aeng
082 _a690 V43C
245 0 _aConstruction equipment and its planning and application. /
942 _2ddc
_cBK
999 _c26529
_d26529